000 00255nam a22001217a 4500
008 170715b xxu||||| |||| 00| 0 eng d
041 _aeng
080 _a2
100 _a24
101 _aTEO
245 _aGOD, WORK, AND MONEY
_cKING, J
942 _2udc
_cBK
999 _c21191
_d21191